Statistiques concernant Les 20 préfectures les plus proches de Besançon

Cliquez ici pour prendre le quiz!

Statistiques générales

  • Ce quiz a été pris 104 fois
  • Le résultat moyen est 15 sur 20

Statistiques - réponses

distance (en km)ville préfecture% Correct
75Dijon
95%
77Belfort
91%
198Strasbourg
91%
188.40Lyon
90%
44Vesoul
84%
162Nancy
81%
72Lons le Saunier
80%
210Metz
79%
195Auxerre
78%
137Colmar
77%
138Macon
76%
130Bourg en Bresse
74%
149Annecy
71%
186Chambéry
65%
109Epinal
65%
219Nevers
65%
187.56Troyes
65%
118Chaumont
56%
182Bar le Duc
46%
218Moulins
45%

Distribution des résultats

Percentile par nombre de réponses

% des personnes avec chaque résultat

Votre développement - résultats

Vous n’avez pas pris ce quiz